Semiconductor devices : (Record no. 8447)

MARC details
000 -LEADER
fixed length control field 01090cam a22002894a 4500
001 - CONTROL NUMBER
control field 11956567
003 - CONTROL NUMBER IDENTIFIER
control field OSt
005 - DATE AND TIME OF LATEST TRANSACTION
control field 20211001133518.0
008 - FIXED-LENGTH DATA ELEMENTS--GENERAL INFORMATION
fixed length control field 000328s2000 nyua b 001 0 eng
010 ## - LIBRARY OF CONGRESS CONTROL NUMBER
LC control number 00038225
020 ## - INTERNATIONAL STANDARD BOOK NUMBER
International Standard Book Number 047136245X (cloth : alk. paper)
040 ## - CATALOGING SOURCE
Original cataloging agency DLC
Transcribing agency HU
Modifying agency DLC
042 ## - AUTHENTICATION CODE
Authentication code pcc
050 00 - LIBRARY OF CONGRESS CALL NUMBER
Classification number TK7871.85
Item number .S5558 2001
082 00 - DEWEY DECIMAL CLASSIFICATION NUMBER
Classification number 621.3815/2/SIN
Edition number 21
100 1# - MAIN ENTRY--PERSONAL NAME
Personal name Singh, Jasprit.
9 (RLIN) 9085
245 10 - TITLE STATEMENT
Title Semiconductor devices :
Remainder of title basic principles /
Statement of responsibility, etc. Jasprit Singh.
260 ## - PUBLICATION, DISTRIBUTION, ETC.
Place of publication, distribution, etc. New York :
Name of publisher, distributor, etc. Wiley,
Date of publication, distribution, etc. 2000, c2001.
300 ## - PHYSICAL DESCRIPTION
Extent 537
Other physical details ill. ;
Dimensions 25 cm.
504 ## - BIBLIOGRAPHY, ETC. NOTE
Bibliography, etc. note Includes bibliographical references and index.
650 #0 - SUBJECT ADDED ENTRY--TOPICAL TERM
Topical term or geographic name entry element Semiconductors.
9 (RLIN) 1932
856 42 - ELECTRONIC LOCATION AND ACCESS
Materials specified Publisher description
Uniform Resource Identifier <a href="http://www.loc.gov/catdir/description/wiley037/00038225.html">http://www.loc.gov/catdir/description/wiley037/00038225.html</a>
856 4# - ELECTRONIC LOCATION AND ACCESS
Materials specified Table of Contents
Uniform Resource Identifier <a href="http://www.loc.gov/catdir/toc/onix05/00038225.html">http://www.loc.gov/catdir/toc/onix05/00038225.html</a>
906 ## - LOCAL DATA ELEMENT F, LDF (RLIN)
a 7
b cbc
c orignew
d 1
e ocip
f 20
g y-gencatlg
942 ## - ADDED ENTRY ELEMENTS (KOHA)
Source of classification or shelving scheme Dewey Decimal Classification
Koha item type Books like text book referance book
Suppress in OPAC No
Holdings
Withdrawn status Lost status Source of classification or shelving scheme Damaged status Not for loan Home library Current library Shelving location Date acquired Total Checkouts Full call number Barcode Date last seen Copy number Price effective from Koha item type
    Dewey Decimal Classification     Natural & Computational Science Library Natural & Computational Science Library General Stacks 10/01/2021   621.38152/SIN NSCLIB000015080 10/01/2021 1 10/01/2021 Books like text book referance book
    Dewey Decimal Classification     Natural & Computational Science Library Natural & Computational Science Library General Stacks 10/01/2021   621.38152/SIN NSCLIB000015081 10/01/2021 2 10/01/2021 Books like text book referance book
    Dewey Decimal Classification     Natural & Computational Science Library Natural & Computational Science Library General Stacks 10/01/2021   621.38152/SIN NSCLIB000015082 10/01/2021 3 10/01/2021 Books like text book referance book
    Dewey Decimal Classification     Natural & Computational Science Library Natural & Computational Science Library General Stacks 10/01/2021   621.38152/SIN NSCLIB000015083 10/01/2021 4 10/01/2021 Books like text book referance book
    Dewey Decimal Classification     Natural & Computational Science Library Natural & Computational Science Library General Stacks 10/01/2021   621.38152/SIN NSCLIB000015084 10/01/2021 5 10/01/2021 Books like text book referance book
    Dewey Decimal Classification     Natural & Computational Science Library Natural & Computational Science Library General Stacks 10/01/2021   621.38152/SIN NSCLIB000015085 10/01/2021 6 10/01/2021 Books like text book referance book
    Dewey Decimal Classification     Natural & Computational Science Library Natural & Computational Science Library General Stacks 10/01/2021   621.38152/SIN NSCLIB000015086 10/01/2021 7 10/01/2021 Books like text book referance book
    Dewey Decimal Classification     Natural & Computational Science Library Natural & Computational Science Library General Stacks 10/01/2021   621.38152/SIN NSCLIB000015087 10/01/2021 8 10/01/2021 Books like text book referance book
    Dewey Decimal Classification     Natural & Computational Science Library Natural & Computational Science Library General Stacks 10/01/2021   621.38152/SIN NSCLIB000015088 10/01/2021 9 10/01/2021 Books like text book referance book